Derechos humanos y empresas: avances desde España

Sábháilte in:
Sonraí bibleagrafaíochta
Príomhchruthaitheoirí: Gómez-Galán, Manuel (Údar), Sainz Ollero, Héctor (Údar), Albarrán Calvo, Miguel (Údar), Nieblas Rosado, María Isabel (Údar)
Formáid: LEABHAR
Teanga:Spáinnis
Foilsithe / Cruthaithe: Madrid CIDEAL 2015
Eagrán:1a. ed
Ábhair:
Clibeanna: Cuir clib leis
Níl clibeanna ann, Bí ar an gcéad duine le clib a chur leis an taifead seo!

MARC

LEADER 00000cam a2200000 a 4500
001 UCC8995
003 CL-VaPUC
008 190830e20150000sp |||||||||||||||||spa|d
020 |a 9788487082696 
082 0 4 |a 323.4  |b GOM  |2 21 
100 0 |a Gómez-Galán, Manuel  |e author  |9 603739 
700 0 |a Sainz Ollero, Héctor  |e author  |9 603740 
700 0 |a Albarrán Calvo, Miguel  |e author  |9 603741 
700 0 |a Nieblas Rosado, María Isabel  |e author  |9 603742 
245 1 0 |a Derechos humanos y empresas: avances desde España 
250 |a 1a. ed 
300 |a 183 p 
942 |c BK 
945 |d 20190830 10:52:00  |a dcastane 
260 |a Madrid  |b CIDEAL  |c 2015 
650 0 |a Derechos civiles  |9 255655 
650 0 |a Derechos humanos  |9 223025 
650 0 |a Empresas   |9 255569 
583 |a last modification  |c 20190830 10:52:00  |k Rodrigo Vera 
999 |c 375190  |d 375188 
952 |0 0  |1 0  |3 erb  |4 0  |6 323_400000000000000_GOM_2015  |7 0  |8 WP_COW  |9 561134  |a BIBDER  |b BIBDER  |e Fundación W and P Cowley  |i 5597285  |o 323.4 GOM 2015  |p 5597285  |r 2023-01-25  |w 2020-03-12  |y BK  |z Catalogado en:20190830  |k WPC